Basic marketing research : (Record no. 11472)

MARC details
000 -LEADER
fixed length control field 01465cam a2200349 a 4500
001 - CONTROL NUMBER
control field 15016567
005 - DATE AND TIME OF LATEST TRANSACTION
control field 20080803142511.0
008 - FIXED-LENGTH DATA ELEMENTS--GENERAL INFORMATION
fixed length control field 070921s2008 njuab b 001 0 eng
010 ## - LIBRARY OF CONGRESS CONTROL NUMBER
LC control number 2007039014
015 ## - NATIONAL BIBLIOGRAPHY NUMBER
National bibliography number GBA816681
Source bnb
016 7# - NATIONAL BIBLIOGRAPHIC AGENCY CONTROL NUMBER
Record control number 014511903
Source Uk
020 ## - INTERNATIONAL STANDARD BOOK NUMBER
International Standard Book Number 9780131354210 (pbk.)
020 ## - INTERNATIONAL STANDARD BOOK NUMBER
International Standard Book Number 0131354213 (pbk.)
035 ## - SYSTEM CONTROL NUMBER
System control number (OCoLC)ocn173299261
035 ## - SYSTEM CONTROL NUMBER
System control number (OCoLC)173299261
Canceled/invalid control number (OCoLC)154715386
040 ## - CATALOGING SOURCE
Original cataloging agency DLC
Transcribing agency DLC
Modifying agency BAKER
-- BTCTA
-- YDXCP
-- C#P
-- BWX
-- UKM
-- NLGGC
-- DLC
050 00 - LIBRARY OF CONGRESS CALL NUMBER
Classification number HF5415.2
Item number .B7787 2008
082 00 - DEWEY DECIMAL CLASSIFICATION NUMBER
Edition number 22
Classification number 658.830285554
Item number BUR
084 ## - OTHER CLASSIFICATION NUMBER
Classification number 85.40
Source of number bcl
100 1# - MAIN ENTRY--PERSONAL NAME
Personal name Burns, Alvin C.
9 (RLIN) 4502
245 10 - TITLE STATEMENT
Title Basic marketing research :
Remainder of title Using Microsoft Excel data analysis /
Statement of responsibility, etc Alvin C. Burns, Ronald F. Bush.
250 ## - EDITION STATEMENT
Edition statement 2nd ed.
Remainder of edition statement Pearson International Edition.
260 ## - PUBLICATION, DISTRIBUTION, ETC. (IMPRINT)
Place of publication, distribution, etc Upper Saddle River, N.J. :
Name of publisher, distributor, etc Pearson Prentice Hall,
Date of publication, distribution, etc c2008.
300 ## - PHYSICAL DESCRIPTION
Extent xxix, 4-510 p. :
Other physical details col. ill., col. maps ;
Dimensions 26 cm.
504 ## - BIBLIOGRAPHY, ETC. NOTE
Bibliography, etc Includes bibliographical references and index.
630 00 - SUBJECT ADDED ENTRY--UNIFORM TITLE
Uniform title Microsoft Excel (Computer file)
9 (RLIN) 4503
650 #0 - SUBJECT ADDED ENTRY--TOPICAL TERM
Topical term or geographic name as entry element Marketing research.
9 (RLIN) 4504
700 1# - ADDED ENTRY--PERSONAL NAME
Personal name Bush, Ronald F.
9 (RLIN) 4505
942 ## - ADDED ENTRY ELEMENTS (KOHA)
Source of classification or shelving scheme Dewey Decimal Classification
Item type Book - Borrowing
Holdings
Withdrawn status Item status Source of classification or shelving scheme Damaged status Not for loan Vendor Home library Current library Shelving location Date acquired Source of acquisition Cost, normal purchase price Serial Enumeration / chronology Total Checkouts Total Renewals Full call number Barcode Date last seen Date last borrowed Koha item type
    Dewey Decimal Classification     Alahram Central Library Central Library First floor 30/04/2009   225.00 364 5 4 658.830285554 BUR 000016325 15/07/2025 10/10/2017 Book - Borrowing